000 00832cam a2200277Ia 4500
001 51288
005 20230410101818.0
008 061215s2006 pr a b 000 0bspa d
035 _a(OCoLC)ocm77008340
040 _aTEF
_cTEF
020 _a1933485108
020 _a9781933485102
035 _a(OCoLC)77008340
043 _anwpr---
050 1 4 _a117 F 1976.3
_bL953 2006
245 0 0 _aLuis Muñoz Marín-- :
_breflexiones /
_cJuan Mari Brás ... [et al.].
260 _aHato Rey, P.R. :
_bPublicaciones Puertorriqueñas,
_c2006.
300 _axii, 193 p. :
_bill. ;
_c22 cm.
504 _aIncludes bibliographical references.
600 1 0 _aMuñoz Marín, Luis,
_d1898-
651 0 _aPuerto Rico
_xPolitics and government.
700 1 _aMari Bras, Juan.
942 _2lcc
_cbk
994 _aC0
_bDRFGD
946 _aLspaulino
999 _c14526
_d14526